000 01118cam a22002774a 4500
005 20230720103539.0
008 010918s2002 nyua b 001 0 eng
010 _a 2001046757
020 _a0471415502 (cloth : alk. paper)
040 _aDLC
_cDLC
_dDLC
042 _apcc
082 0 0 _a004.6
_221
_bKOP-L
100 1 _aKopparapu, Chandra.
245 1 0 _aLoad balancing servers, firewalls, and caches /
_cChandra Kopparapu.
260 _aNew York :
_bWiley,
_cc2002.
300 _axi, 208 p. :
_bill. ;
_c24 cm.
500 _a"Wiley Computer Publishing."
504 _aIncludes bibliographical references and index.
650 0 _aClient/server computing.
650 0 _aFirewalls (Computer security)
856 4 2 _3Publisher description
_uhttp://www.loc.gov/catdir/description/wiley0310/2001046757.html
856 4 1 _3Table of contents
_uhttp://www.loc.gov/catdir/toc/wiley021/2001046757.html
906 _a7
_bcbc
_corignew
_d1
_eocip
_f20
_gy-gencatlg
999 _c33085
_d33085